Statistics for Wizard101: All Worlds in the Spiral

Click here to take the quiz!

General Stats

  • This quiz has been taken 35 times
  • The average score is 15 of 16

Answer Stats

World% Correct
Avalon
100%
Azteca
100%
Celestia
100%
Dragonspyre
100%
Krokotopia
100%
Marleybone
100%
Mooshu
100%
Wizard City
100%
Grizzleheim
96%
Polaris
96%
Wysteria
96%
Khrysalis
93%
Zafaria
93%
Empyrea
89%
Mirage
89%
Aquila
57%

Score Distribution

Percentile by Number Answered

Percent of People with Each Score

Your Score History

You have not taken this quiz